| 000 | 00727nac a22001931u 4500 | ||
|---|---|---|---|
| 020 | _a1558512209 | ||
| 082 |
_a006.6 _bW3351 |
||
| 090 |
_c383 _d383 |
||
| 100 | _aWatkins, Christopher D | ||
| 245 |
_aProgramming in 3 dimensions: _b3-D graphics, ray tracing, and animation/ _cChristopher D. Watkins, Larry Sharp; edited by Mark Finlay |
||
| 260 |
_aSan Mateo, CA _bM&T books _c1992 |
||
| 300 |
_a466p: _billus; |
||
| 650 | _aComputer graphics | ||
| 650 | _aC (computer program language) | ||
| 700 | _aSharp, Larry | ||
| 700 | _aFinlay, Mark | ||
| 942 |
_cBB _k006.6W3351 |
||
| 999 |
_c383 _d383 |
||